Statistics for AJR Song to Lyric

Click here to take the quiz!

General Stats

  • This quiz has been taken 67 times
  • The average score is 23 of 76

Answer Stats

HintAnswer% Correct
God is Really RealCome on, Dad, get out of bed
64%
Maybe ManIf I was cocaine
57%
I Won'tAcapulco Tel Aviv or maybe Japan
50%
Adventure Is Out ThereI bought me some new socks
50%
Netflix TripAnd filled our hands with glue
46%
Turning Out Pt. iiiI can't have sex so we both get quiet
46%
3 O'Clock ThingsIf you're fucking racist, then don't come to my show
46%
Don't Throw Out My LegosMy Christmas card looks like a mugshot
46%
Way Less SadI've been counting sheep but the sheep all die
43%
JoeNow I go by Met
43%
No Grass TodayAt 7/11 is where you would find me
39%
Too LateDon't give a damn if I'm bleeding out
39%
Next Up ForeverI kinda wish I was still a virgin
39%
Touchy Feely FoolI'm better off a stick
39%
Wow, I'm Not CrazyI'm scared of clowns
39%
InertiaI'm stuck in these pants
39%
Birthday PartyIn heaven, everything is fine
39%
Bang!Metronome
39%
Hole in the Bottom of My BrainNow there's coke on a nose of a bro I don't know
39%
The Dumb SongYOU SHOULD NOTTTTT HAVE DONE THAT
39%
Record PlayerAm I holding for applause
36%
BeatsAm I the same
36%
The Green and the TownCause soon we will be giants too
36%
Yes I'm A MessI guess that's what this is
36%
BummerlandI'll be a goddamn hero
36%
The TrickI love you, I do
36%
The DJ Is Crying For HelpI'm all 17 at 35
36%
OK OvertureIt's getting hard, so very hard
36%
Pitchfork KidsIt's the loneliest life that we live
36%
Finale (Can't Wait To See What You Do Next)Now they want something bigger, I'm overwhelmed
36%
Dear WinterTeach you how to curse
36%
Come Hang OutThe Click in my ear
36%
Break My FaceYour tongue fell out
36%
KarmaI've been working my ass off
32%
DramaMake love to the rumours instead
32%
Bud Like YouWay up to the skies
32%
2085You gotta get better you're all that I've got
32%
Ordinaryish PeopleYou're not stupid you're just special
32%
The Good PartAHHHHHHHHHHhh
29%
Turning OutBut it's just quiet
29%
I'm Not FamousI don't hate it, no
29%
I'm ReadyI may forget your name
29%
Christmas in JuneI skipped prom
29%
WeakNo thank you
29%
Turning Out Pt. iiNow I'm here writing this dumb song
29%
InfinityStick a needle in my eye
29%
My Calling100 red balloons
25%
Pretender (Acoustic)Do you like me too
25%
World's Smallest ViolinMY MY MY MY MY MY MY MY MY MY
25%
Let the Games BeginPeople person in a room of people-people
25%
Steve's Going to LondonYou'll make it rather snappy won't ya
25%
Woody AllenFinally I'm right where I should be
21%
The Entertainment's HereI'd rather be in Vegas
21%
100 Bad DaysLucky me
21%
All My Favorite SongsMom and Dad I'm sorry
21%
The LottoMy oh my oh my oh my
21%
Call My DadOH MY GOD WHAT'S GOING ON
21%
My PlayReally really really really hard
21%
Role ModelsWake up Mr. West
21%
Sober UpWe smile at party time
21%
Burn The House DownYou sticky pickle
21%
AfterHoursCoke and rum
18%
Livin' on LoveI got the best seat back
18%
Alice by the HudsonTambourines and skinny jeans
18%
Three-ThirtyWe don't stay for long
18%
3AMHope she holds on to what I told her
14%
Buy You a RoseI've been out walking by the shore
14%
Big IdeaUkulele DJ's
14%
Growing Old on Bleecker StreetWill the moon still be white
14%
The World Is a Marble HeartYou're out in the daylight
14%
ThirstyCan no one stop me
11%
NormalMy friends got all new friends
11%
It's On UsNo one should know
11%
Big White BedWatching clouds overhead
11%
CelebrateWell what if I just don't care
11%
Humpty DumptyWould you like me
7%

Score Distribution

Percentile by Number Answered

Percent of People with Each Score

Your Score History

You have not taken this quiz